[Event "SVK-ch"]
[Site "Prievidza"]
[Date "1998.06.28"]
[Round "2.7"]
[White "Koutsin, Sergey"]
[Black "Durik, Peter"]
[Result "1-0"]
[WhiteElo "2400"]
[BlackElo "2155"]

1.d4 Nf6 2.c4 g6 3.Nc3 Bg7 4.e4 d6 5.Nf3 O-O 6.Be2 e5 7.O-O Nc6 8.d5 Ne7
9.Ne1 Nd7 10.Be3 f5 11.f3 f4 12.Bf2 g5 13.a4 h5 14.a5 Ng6 15.Nb5 Nf6 16.Nxa7 Bd7
17.c5 g4 18.c6 g3 19.hxg3 fxg3 20.Bxg3 Rxa7 21.Bf2 b6 22.axb6 Rxa1 23.Qxa1 cxb6
24.cxd7 Nxd7 25.Bb5 Nc5 26.Qd1 Nf4 27.b4 Nd7 28.Nd3 Rf7 29.Qc2 Bh6 30.Nxf4 Bxf4
31.Qc6 Nb8 32.Qe8+ Qxe8 33.Bxe8 Re7 34.Bxh5 Rh7 35.Ra1 Rc7 36.g3  1-0

[Event "SVK-ch"]
[Site "Prievidza"]
[Date "1998.06.29"]
[Round "3.28"]
[White "Prielozny, Stanislav"]
[Black "Flasik, Radoslav"]
[Result "1/2-1/2"]
[WhiteElo "2133"]
[BlackElo "2180"]

1.d4 Nf6 2.c4 g6 3.Nc3 Bg7 4.e4 O-O 5.Nf3 d6 6.Be2 e5 7.O-O Nc6 8.d5 Ne7
9.Ne1 Ne8 10.f3 f5 11.g4 Kh8 12.Ng2 Ng8 13.h4 Bh6 14.Bxh6 Nxh6 15.b4 Qe7
16.a4 Bd7 17.a5 fxg4 18.fxg4 Rxf1+ 19.Kxf1 g5 20.h5 Qf7+ 21.Ke1 Ng7 22.Ne3 Qf4
23.Kd2 Rf8 24.Qg1 Qf2 25.Rf1 Qxg1 26.Rxg1 Rf4 27.Kd3 Ne8 28.Ng2 Rf2 29.Ne3 Nf6
30.Nb5 Bxb5 31.cxb5 Nxe4 32.Rc1 Ng3 33.Bd1 e4+ 34.Kc3 Nf1 35.Nxf1 Rxf1 36.Kd2 Rf7
37.Ke3 Rf1 38.Kd2 Rf7 39.Ke3 Re7 40.Rc4 Ng8 41.Rxe4 Nf6 42.Rxe7 Nxd5+ 43.Kd4 Nxe7
44.Bf3 b6 45.a6 Kg7 46.Be4 h6 47.Bd5 Kf6 48.Bc4 Kg7 49.Bd5 Kf8 50.Be6 Ke8
51.Kc4  1/2-1/2

[Event "RUS-Cup06"]
[Site "Nizhnij Novgorod"]
[Date "1998.06.30"]
[Round "2"]
[White "Popov, Valerij"]
[Black "Sokolov, Alexander"]
[Result "1-0"]
[WhiteElo "2505"]
[BlackElo "2380"]

1.Nf3 Nf6 2.c4 g6 3.Nc3 Bg7 4.e4 d6 5.d4 O-O 6.Be2 e5 7.O-O Nc6 8.d5 Ne7
9.b4 Nh5 10.Re1 Nf4 11.Bf1 f5 12.Bxf4 exf4 13.e5 g5 14.Nxg5 dxe5 15.c5 Ng6
16.Qh5 h6 17.Ne6 Bxe6 18.dxe6 Kh7 19.Rad1 Qe8 20.Nb5 Qc6 21.Rd7 a6 22.Nxc7 Rac8
23.Red1 Rxc7 24.R7d6 Rd7 25.exd7 Qc7 26.Qxg6+ Kh8 27.Qh5 Kh7 28.Bc4 e4 29.Bf7  1-0

[Event "World op"]
[Site "Philadelphia"]
[Date "1998.06.30"]
[Round "4"]
[White "Bengtson, Matthew"]
[Black "Traldi, Matthew"]
[Result "1-0"]
[WhiteElo "2245"]
[BlackElo "2110"]

1.d4 Nf6 2.c4 g6 3.Nc3 Bg7 4.e4 d6 5.Nf3 O-O 6.Be2 e5 7.O-O Nc6 8.d5 Ne7
9.b4 Nh5 10.Re1 f5 11.Ng5 Nf4 12.Bxf4 exf4 13.Rc1 fxe4 14.Ngxe4 Nf5 15.Bg4 Be5
16.c5 Qh4 17.Bxf5 Bxf5 18.f3 a6 19.Qd2 g5 20.h3 Rae8 21.Nd1 h5 22.Ndf2 g4
23.fxg4 hxg4 24.hxg4 Bxg4 25.cxd6 cxd6 26.Rc7 f3 27.Qg5+ Qxg5 28.Nxg5 Bd4
29.Rxe8 Rxe8 30.gxf3 Bf5 31.Kf1 Re5 32.Rxb7 Rxd5 33.Nge4 Be6 34.Ng4 Rb5 35.Rxb5 axb5
36.Nxd6 Bxa2 37.Kg2 Bc3 38.Nxb5 Bxb4 39.Nd4 Bd5 40.Nf6+ Kf7 41.Nxd5 Bd6 42.Kh3 Be5
43.Nf5 Ke6 44.Nfe3 Bb8 45.Kg4 Be5 46.Nf4+ Kf7 47.Kf5 Bb8 48.Ng4 Kg7 49.Ne5 Ba7
50.Ne6+ Kg8 51.Kg6 Be3 52.Nf7 Bc1 53.Nh6+ Bxh6 54.Kxh6 Kf7 55.Ng5+  1-0

[Event "SVK-ch"]
[Site "Prievidza"]
[Date "1998.07.01"]
[Round "5.60"]
[White "Havlickova, Beata"]
[Black "Zakovic, Jozef"]
[Result "1-0"]
[WhiteElo "1886"]
[BlackElo "1844"]

1.d4 Nf6 2.c4 g6 3.Nc3 Bg7 4.e4 d6 5.Nf3 O-O 6.Be2 e5 7.O-O Nc6 8.d5 Ne7
9.b4 Nd7 10.Ne1 f5 11.f3 Nf6 12.Be3 f4 13.Bf2 g5 14.c5 Ng6 15.Nd3 h5 16.Rc1 g4
17.Nb2 Rf7 18.Qe1 Bf8 19.g3 Rh7 20.Kg2 gxf3+ 21.Bxf3 Ng4 22.Rh1 h4 23.Nd3 Qf6
24.Qe2 Nxf2 25.Qxf2 h3+ 26.Kf1 Bh6 27.Rd1 Rf7 28.Ke2 Bd7 29.Rhf1 Raf8 30.Ne1 Qg5
31.Rd3 Kh7 32.Rg1 Bg4 33.Bxg4 Qxg4+ 34.Rf3 fxg3 35.Rxg3 Rxf3 36.Rxf3 Nh4
37.Qg3 Qxg3 38.Rxg3 Ng6 39.Nd3 dxc5 40.bxc5 c6 41.Rxh3 cxd5 42.exd5 Kg7 43.Nb5 e4
44.Nf2 Nf4+ 45.Ke1 Nxh3 46.Nxh3 a6 47.Nd6 Rd8 48.Nf2 e3 49.Ng4 Bg5 50.Nf5+ Kg6
51.Nfxe3 Bxe3 52.Nxe3 Rh8 53.c6 bxc6 54.dxc6 Rxh2 55.c7 Rh8 56.Nd5 Re8+ 57.Kd2 Kf7
58.Nb6 Ke7 59.c8=Q Rxc8 60.Nxc8+ Kd7 61.Nb6+ Kc6 62.Nc4 Kb5 63.Kc3 Ka4 64.a3 a5
65.Kb2 Kb5 66.Kb3 a4+ 67.Kc3 Kc5 68.Ne3 Kb5 69.Kd4 Ka5 70.Kc5 Ka6 71.Kb4 Kb6
72.Kxa4 Kc5 73.Ka5 Kc6 74.Ka6 Kc5 75.a4 Kc6 76.Ka7 Kc7 77.a5 Kc8 78.Nd5 Kd7
79.Kb7  1-0

[Event "SVK-ch"]
[Site "Prievidza"]
[Date "1998.07.02"]
[Round "6.29"]
[White "Prielozny, Stanislav"]
[Black "Helbich, Jan"]
[Result "0-1"]
[WhiteElo "2133"]
[BlackElo "2225"]

1.d4 Nf6 2.Nf3 g6 3.c4 Bg7 4.Nc3 O-O 5.e4 d6 6.Be2 e5 7.O-O Nc6 8.d5 Ne7
9.Ne1 Nd7 10.Be3 f5 11.f3 f4 12.Bf2 g5 13.Rc1 Ng6 14.c5 Nxc5 15.b4 Na6 16.Nb5 b6
17.Qa4 h5 18.Nxd6 cxd6 19.Bxa6 Bxa6 20.Qxa6 g4 21.Kh1 g3 22.Bg1 gxh2 23.Bxh2 Bf6
24.Nd3 Bh4 25.Nf2 Bg3 26.Nh3 Rf7 27.Rc2 Kh7 28.Rfc1 Bxh2 29.Kxh2 Rg7 30.Kh1 Nh4
31.Qf1 Qf6 32.Rc7 Rg8 33.R1c2 Kh6 34.Rxg7 Rxg7 35.Qe1 Rg3 36.Rf2 Nxg2 37.Rxg2 Rxh3+
38.Kg1 Rxf3 39.Qc1 Re3  0-1

[Event "SVK-ch"]
[Site "Prievidza"]
[Date "1998.07.03"]
[Round "7.47"]
[White "Gajdosik, Vladislav"]
[Black "Musil, Vitezslav"]
[Result "0-1"]
[WhiteElo "1920"]
[BlackElo "2210"]

1.d4 Nf6 2.c4 g6 3.Nc3 Bg7 4.e4 d6 5.Be2 O-O 6.Nf3 e5 7.O-O Nc6 8.d5 Ne7
9.Ne1 Nd7 10.b4 f5 11.Nd3 Nf6 12.f3 f4 13.g4 g5 14.Bd2 Ng6 15.c5 h5 16.h3 Rf7
17.b5 c6 18.dxc6 dxc5 19.cxb7 Bxb7 20.Na4 hxg4 21.hxg4 Qd4+ 22.Nf2 Nxe4 23.fxe4 Bxe4
24.Bc3 Qe3 25.Bf3 Bxf3 26.Qc1 e4 27.Bxg7 Qxc1 28.Rfxc1 Kxg7 29.Rxc5 Rh8 30.Nxe4 Bxe4
31.Re1 f3 32.Kf2 Rh2+ 33.Ke3 Bc2 34.Rf1 Re2+ 35.Kd4 Rf4+ 36.Kd5 Re5+ 37.Kd6 Rf6+
38.Kd7 Re7+ 39.Kd8 Rf8+  0-1

[Event "SVK-ch"]
[Site "Prievidza"]
[Date "1998.07.04"]
[Round "8.28"]
[White "Hanko, Pavel"]
[Black "Hlas, Jan"]
[Result "0-1"]
[WhiteElo "2200"]
[BlackElo "2071"]

1.d4 Nf6 2.Nf3 g6 3.c4 Bg7 4.Nc3 O-O 5.e4 d6 6.Be2 e5 7.O-O Nc6 8.d5 Ne7
9.Nd2 a5 10.a3 Nd7 11.Rb1 f5 12.b4 Bh6 13.Nb3 Bxc1 14.Qxc1 axb4 15.axb4 Nf6
16.f3 f4 17.c5 g5 18.g4 Kg7 19.Nb5 h5 20.h3 hxg4 21.hxg4 Rh8 22.Kg2 Ng6 23.Rh1 Nh4+
24.Kf2 Bxg4 25.Qg1 Ra2 26.fxg4 Nxe4+ 27.Ke1 f3 28.Rh2 fxe2 29.Qe3 Nf3+ 30.Qxf3 Rxh2
31.Nxc7 Qxc7 32.Nc1 Rf2  0-1

[Event "NOR-ch"]
[Site "Oslo"]
[Date "1998.07.05"]
[Round "2"]
[White "Djurhuus, Rune"]
[Black "Gullaksen, Eirik T"]
[Result "1/2-1/2"]
[WhiteElo "2510"]
[BlackElo "2345"]

1.d4 Nf6 2.c4 g6 3.Nc3 Bg7 4.e4 d6 5.Be2 O-O 6.Nf3 e5 7.O-O Nc6 8.d5 Ne7
9.b4 a5 10.bxa5 Rxa5 11.Nd2 c5 12.dxc6 bxc6 13.Nb3 Ra8 14.Bg5 Be6 15.a4 h6
16.Bxf6 Bxf6 17.Qd3 Qc7 18.a5 Rfb8 19.Na4 Nc8 20.Rfb1 Kg7 21.h3 Be7 22.Qc3 c5
23.Qc2 Rb4 24.Nc3 Na7 25.Nd5 Bxd5 26.cxd5 Nb5 27.Bxb5 Rxb5 28.Ra4 Bd8 29.Rba1 Ra6
30.Qc3 Qa7 31.R1a3 h5 32.g3 Kg8 33.h4 Kh7 34.Kg2 Kg8 35.Kf1 Qb7 36.Qc4 Qd7
37.Kg2 Qb7 38.Kg1 Qd7 39.Kh2 Qb7 40.Kg2 Qd7 41.Qc3 Qa7 42.Ra2 Kh7 43.Ra1 Kg8
44.R1a3 Qa8 45.Kh2 Qa7 46.Kg1 Qa8 47.Kh1 Qa7 48.Kg2 Qa8 49.Ra1 Qa7 50.R1a2 Qa8
51.Kh2 Qa7 52.Qf3 Qb8 53.Qd3 Qb7 54.R2a3 Kg7 55.Kg2 Kg8 56.Kh2 Kg7 57.Kg2 Kg8
58.Kg1 Kh7 59.Kh2 Kg7 60.Kg1 Kh7 61.Kg2  1/2-1/2

[Event "San Francisco Mechanics"]
[Site "San Francisco"]
[Date "1998.07.10"]
[Round "1"]
[White "Gurevich, Dmitry"]
[Black "Fedorowicz, John P"]
[Result "1/2-1/2"]
[WhiteElo "2540"]
[BlackElo "2495"]

1.Nf3 Nf6 2.c4 g6 3.Nc3 Bg7 4.e4 d6 5.d4 O-O 6.Be2 e5 7.O-O Nc6 8.d5 Ne7
9.b4 a5 10.bxa5 c5 11.Ne1 Qxa5 12.Bd2 Qd8 13.Nd3 Ne8 14.Qb3 f5 15.f3 Nf6
16.Rab1 Ra6 17.Be3 Kh8 18.a4 h6 19.Rb2 g5 20.Nxc5 dxc5 21.Bxc5 Ng6 22.Bb6 Qe8
23.c5 Rxb6 24.Qxb6 Nf4 25.a5 g4 26.a6 bxa6 27.c6 gxf3 28.Bxf3 fxe4 29.Nxe4 N6xd5
30.Qc5 Be6 31.Qd6 Ne3 32.Rb7 Qg6 33.Rb8 Rxb8 34.Qxb8+ Kh7 35.Ng3 Nxf1 36.Be4 Nxg3
37.Bxg6+ Kxg6 38.c7 Nge2+ 39.Kf2 Nd4 40.c8=Q Bxc8 41.Qxc8 Nfe6 42.Qxa6 Bf8  1/2-1/2

[Event "Politiken Cup"]
[Site "Copenhagen"]
[Date "1998.07.12"]
[Round "8"]
[White "Pedersen, Steffen"]
[Black "Sylvan, Jacob"]
[Result "1-0"]
[WhiteElo "2415"]
[BlackElo "2290"]

1.d4 Nf6 2.c4 g6 3.Nc3 Bg7 4.e4 d6 5.Nf3 O-O 6.Be2 e5 7.O-O Nc6 8.d5 Ne7
9.Ne1 Nd7 10.Nd3 f5 11.Bd2 Nf6 12.f3 f4 13.Rc1 g5 14.c5 Ng6 15.Nf2 Rf7 16.cxd6 cxd6
17.Nb5 a6 18.Na3 b5 19.Nc2 h5 20.Nb4 g4 21.Nc6 Qd7 22.Ba5 Nh4 23.fxg4 Nxg4
24.Nxg4 hxg4 25.g3 Ng6 26.Nd8 Re7 27.Rxc8 Qxc8 28.Bxg4 Qc5+ 29.Kg2 Qc4 30.Bf5 Nf8
31.b3 Qc5 32.Nc6 Rf7 33.g4 Nh7 34.Rf3 Ng5 35.Rc3 f3+ 36.Kf1 Rxf5 37.gxf5 Qa3
38.Rc2  1-0

[Event "Politiken Cup"]
[Site "Copenhagen"]
[Date "1998.07.13"]
[Round "9"]
[White "Zagorskis, Darius"]
[Black "Pedersen, Steffen"]
[Result "1-0"]
[WhiteElo "2515"]
[BlackElo "2415"]

1.d4 Nf6 2.c4 g6 3.Nc3 Bg7 4.e4 d6 5.Nf3 O-O 6.Be2 e5 7.O-O Nc6 8.d5 Ne7
9.b4 Nd7 10.c5 dxc5 11.bxc5 Nxc5 12.Ba3 b6 13.Bxc5 bxc5 14.Na4 f5 15.Nxc5 fxe4
16.Ng5 Qxd5 17.Qc2 Kh8 18.Rfd1 Qc6 19.Qc4 Nf5 20.Nf7+ Rxf7 21.Qxf7 Nd4 22.Bc4 Bg4
23.Bd5 Qxc5 24.Bxa8 Bxd1 25.Rxd1 Qf8 26.Qxf8+ Bxf8 27.Bxe4 Bb4 28.Kf1 c5
29.Bd5 Kg7 30.a3 Ba5 31.Rc1 Bb6 32.a4 Kf6 33.a5 Bxa5 34.Rxc5 Bb6 35.Rc8 a5
36.Rf8+ Ke7 37.Rf7+ Kd6 38.Ba2 a4 39.Rxh7 Nb5 40.Rg7 Nc3 41.Rxg6+ Kc5 42.Bf7 a3
43.h4 Ba5 44.h5  1-0

[Event "Politiken Cup"]
[Site "Copenhagen"]
[Date "1998.07.14"]
[Round "10"]
[White "Nielsen, Peter Heine"]
[Black "Hillarp Persson, Tiger"]
[Result "0-1"]
[WhiteElo "2505"]
[BlackElo "2410"]

1.c4 g6 2.d4 Bg7 3.e4 d6 4.Nc3 Nf6 5.Be2 O-O 6.Nf3 e5 7.O-O Nc6 8.d5 Ne7
9.b4 a5 10.Ba3 Nh5 11.c5 axb4 12.Bxb4 Nf4 13.Nb5 c6 14.Nc7 Nexd5 15.Nxa8 Nxb4
16.cxd6 Bf5 17.a3 Nbd5 18.exd5 e4 19.Rc1 Qxa8 20.dxc6 Qxa3 21.Nh4 Be6 22.Bc4 bxc6
23.Bxe6 Qxc1 24.Qxc1 Ne2+ 25.Kh1 Nxc1 26.Bd7 Nd3 27.Bxc6 f5 28.g3 Rb8 29.Ng2 Bd4
30.Nf4 Nxf2+ 31.Kg2 Rb2 32.Bd5+ Kh8 33.Bc4 Ng4+  0-1

[Event "Politiken Cup"]
[Site "Copenhagen"]
[Date "1998.07.14"]
[Round "10"]
[White "Grabliauskas, Virginijus"]
[Black "Sandstrom, Ludvig"]
[Result "1-0"]
[WhiteElo "2465"]
[BlackElo "2325"]

1.d4 Nf6 2.c4 g6 3.Nc3 Bg7 4.e4 d6 5.Nf3 O-O 6.Be2 e5 7.O-O Nc6 8.d5 Ne7
9.Ne1 Ne8 10.Be3 f5 11.f3 Kh8 12.c5 Ng8 13.a4 Bh6 14.Bf2 Ngf6 15.Nd3 Nh5
16.a5 Nef6 17.Ra4 Qe7 18.Rc4 Ne8 19.b4 a6 20.cxd6 Nxd6 21.Rc5 Nf6 22.Nxe5 fxe4
23.Nc4 e3 24.Bg3 Bg7 25.Rxc7 Qxc7 26.Bxd6 Qd8 27.Be5 Re8 28.f4 Bf5 29.Nb6 Rxe5
30.fxe5 Nd7 31.Nxa8 Bxe5 32.Bg4 Qh4 33.Bh3 Bxh3 34.gxh3 Qxh3 35.Qc2 Qg4+
36.Kh1 Qh3 37.Rc1 Nf6 38.Qg2 Qh5 39.h3 Qh4 40.Ne2 Nh5 41.Nb6 Qxb4 42.Nc4  1-0

[Event "RUS-Cup07"]
[Site "Tomsk"]
[Date "1998.07.16"]
[Round "2"]
[White "Gleizerov, Evgeny"]
[Black "Frolov, Denis"]
[Result "1/2-1/2"]
[WhiteElo "2545"]
[BlackElo "2350"]

1.d4 Nf6 2.c4 g6 3.Nc3 Bg7 4.e4 d6 5.Nf3 O-O 6.Be2 e5 7.O-O Nc6 8.d5 Ne7
9.Nd2 a5 10.a3 Nd7 11.Rb1 f5 12.b4 Kh8 13.Qc2 Ng8 14.exf5 gxf5 15.f4 exf4
16.Nf3 Ne5 17.Bxf4 Nh6 18.Rbd1 axb4 19.axb4 Nxf3+ 20.Bxf3 Nf7 21.Nb5 Bd7
22.Be2  1/2-1/2

[Event "RUS-Cup07"]
[Site "Tomsk"]
[Date "1998.07.16"]
[Round "2"]
[White "Nikitin, Andrey"]
[Black "Yurtaev, Leonid"]
[Result "1-0"]
[WhiteElo "2410"]
[BlackElo "2520"]

1.d4 Nf6 2.c4 g6 3.Nc3 Bg7 4.e4 d6 5.Be2 O-O 6.Nf3 e5 7.O-O Nc6 8.d5 Ne7
9.Ne1 Nd7 10.Be3 f5 11.f3 h5 12.a4 Kh7 13.Nd3 Nf6 14.c5 Bh6 15.Bf2 g5 16.a5 Ng6
17.Qb3 g4 18.Kh1 fxe4 19.Nxe4 Nxe4 20.fxe4 h4 21.Bg1 Bf4 22.Nb4 g3 23.h3 Qg5
24.Bf3 Rg8 25.Nc2 Rg7 26.Ne3 dxc5 27.Nf5 c4 28.Qxc4 Bxf5 29.exf5 Qxf5 30.a6 b5
31.Qxb5 e4 32.Bg4 Qe5 33.Qc6 Rb8 34.Bxa7 Rxb2 35.Qc4 Rd2 36.Bg1 Ne7 37.a7 Rxg4
38.a8=Q Rxg2 39.Kxg2 Qb2+ 40.Bf2 Rg6 41.Qxe4 gxf2+ 42.Kh1 Qf6 43.Ra6 Bd6
44.Rxd6 cxd6 45.Qa7  1-0

[Event "Saitek US Masters"]
[Site "Hawaii"]
[Date "1998.07.28"]
[Round "8"]
[White "Hummel, Patrick"]
[Black "Datu, Idelfonso"]
[Result "1-0"]
[WhiteElo "2240"]
[BlackElo "2335"]

1.d4 Nf6 2.c4 g6 3.Nc3 Bg7 4.e4 d6 5.Nf3 O-O 6.Be2 e5 7.O-O Nc6 8.d5 Ne7
9.Ne1 Ne8 10.Be3 f5 11.f3 f4 12.Bf2 h5 13.c5 g5 14.cxd6 cxd6 15.a4 Nf6 16.a5 g4
17.Nb5 Ng6 18.Bxa7 g3 19.Bb6 Qe7 20.Kh1 Ne8 21.b4 gxh2 22.Rc1 h4 23.Rf2 Qg5
24.Bf1 h3 25.Rfc2 Nf6 26.Nxd6 Nh5 27.Bf2 Ng3+ 28.Bxg3 fxg3 29.Qe2 Nf4 30.Qe3 Bg4
31.Nd3 Bh5 32.Nf5 Bf6 33.Nxf4 exf4 34.Qd3 Be5 35.d6 Bf7 36.d7 Rad8 37.Qb5 Qf6
38.Qxb7 Be6 39.Bc4 hxg2+ 40.Kxg2 Rf7 41.Bxe6 Qxe6 42.Rc8 Rxd7 43.Qxd7 Qxd7
44.Rxd8+ Qxd8 45.Rc8  1-0

[Event "Saitek US Masters"]
[Site "Hawaii"]
[Date "1998.07.28"]
[Round "8"]
[White "Ashton, Jeff"]
[Black "Rubsamen, Cornelius"]
[Result "1-0"]
[WhiteElo "2285"]
[BlackElo "2110"]

1.d4 Nf6 2.c4 g6 3.Nc3 Bg7 4.e4 d6 5.Be2 O-O 6.Nf3 e5 7.O-O Nc6 8.d5 Ne7
9.Bg5 h6 10.Bxf6 Bxf6 11.b4 Kg7 12.c5 Ng8 13.a4 Be7 14.c6 bxc6 15.dxc6 f5
16.Nd2 Bg5 17.Bc4 Nf6 18.Rc1 Bxd2 19.Qxd2 f4 20.f3 g5 21.Nd5 g4 22.Nxf6 Rxf6
23.b5 Rg6 24.Be2 h5 25.fxg4 Bxg4 26.Kh1 Qg5 27.Bf3 Rg8 28.Qf2 Kh7 29.Rg1 Ra8
30.a5 Rg7 31.b6 axb6 32.axb6  1-0

[Event "BCF-ch"]
[Site "Torquay"]
[Date "1998.08.01"]
[Round "6"]
[White "Summerscale, Aaron"]
[Black "Hebden, Mark"]
[Result "1/2-1/2"]
[WhiteElo "2440"]
[BlackElo "2585"]

1.d4 Nf6 2.c4 g6 3.Nc3 Bg7 4.e4 d6 5.Nf3 O-O 6.Be2 e5 7.O-O Nc6 8.d5 Ne7
9.Ne1 Nd7 10.Be3 f5 11.f3 f4 12.Bf2 g5 13.a4 Ng6 14.a5 Kh8 15.Nd3 Rg8 16.c5 Nf6
17.cxd6 cxd6 18.a6 b6 19.Nb4 Bf8 20.Rc1 g4 21.fxg4 Bh6 22.Rc2 Bg5 23.Kh1 Qd7
24.Nb5 Nxe4 25.Rc7 Qd8 26.Nc6 Qf6 27.Nbxa7 f3 28.gxf3 Nxf2+ 29.Rxf2 Bxg4
30.fxg4 Qxf2 31.Qf1 Qh4 32.Bd3 Raf8 33.Bf5 Bf4 34.Qe2 Qh3 35.Nc8 Rxf5 36.gxf5 Qxf5
37.Nxd6 Qb1+ 38.Kg2 Ne7+ 39.Kh3 Qg6 40.Nf7+ Qxf7 41.Nxe7 e4 42.Nxg8 Bxc7
43.a7 Qf5+ 44.Kg2 Qg5+ 45.Kh3 Qf5+ 46.Kg2 Qg5+ 47.Kh3 Qf5+  1/2-1/2

[Event "Budapest FS08 IM-A"]
[Site "Budapest"]
[Date "1998.08.02"]
[Round "2"]
[White "Petran, Pal"]
[Black "Baches Garcia, Guillermo"]
[Result "1/2-1/2"]
[WhiteElo "2390"]
[BlackElo "2300"]

1.Nf3 Nf6 2.c4 g6 3.Nc3 Bg7 4.d4 O-O 5.e4 d6 6.Be2 e5 7.O-O Nc6 8.d5 Ne7
9.b4 a5 10.Ba3 axb4 11.Bxb4 Nd7 12.a4 Bh6 13.Ne1 f5 14.Nd3 fxe4 15.Nxe4 Nf6
16.Bf3 Bf5 17.Re1 Kh8 18.Nxf6 Rxf6 19.Be4 Rf7 20.Bc3 Kg8 21.a5 Qb8 22.Rb1 Bxe4
23.Rxe4 c6 24.dxc6 Nxc6 25.Rb5 Qa7 26.Kh1 Raf8 27.f3 Be3 28.Rd5 Rf6 29.Qe1 Bd4
30.Bxd4 exd4 31.Re6 Qb8 32.c5 dxc5 33.Nxc5 Rxe6 34.Qxe6+ Rf7  1/2-1/2

[Event "BCF-ch"]
[Site "Torquay"]
[Date "1998.08.04"]
[Round "8"]
[White "Martin, Andrew D"]
[Black "Hunt, Adam"]
[Result "1-0"]
[WhiteElo "2445"]
[BlackElo "2255"]

1.Nf3 Nf6 2.c4 g6 3.Nc3 Bg7 4.e4 d6 5.d4 O-O 6.Be2 e5 7.O-O Nc6 8.d5 Ne7
9.b4 a5 10.Ba3 axb4 11.Bxb4 Nd7 12.a4 Kh8 13.Nd2 f5 14.Nb3 fxe4 15.Nxe4 Nf5
16.a5 Nf6 17.Bd3 Nd4 18.Re1 Bf5 19.Ra2 Nxe4 20.Bxe4 Bxe4 21.Rxe4 c5 22.dxc6 bxc6
23.Nxd4 exd4 24.Rxd4 Bxd4 25.Qxd4+ Qf6 26.Qxf6+ Rxf6 27.Bc3 Kg7 28.Kf1 Kf7
29.Bxf6 Kxf6 30.Ke2 Ke5 31.Kd3 Ra6 32.Kc3 d5 33.cxd5 Kxd5 34.Kb4 Kd6 35.h4 Kd5
36.Rd2+ Ke6 37.Rd8 Ra7 38.Rd2 Ke7 39.Ra2 Ra6 40.Kc5 Ke6 41.Ra4 h6 42.g4 g5
43.h5 Ke5 44.f3 Ke6 45.Re4+ Kf6 46.Kb4 Ra8 47.Rc4 Ra6 48.Rc5 Kf7 49.Rf5+ Kg7
50.f4 gxf4 51.Rxf4 Ra8 52.Rf5 Ra7 53.Kc4 Ra8 54.Kb4 Ra7 55.g5 hxg5 56.Rxg5+ Kh7
57.Rc5 Ra6 58.Kc4 Kg7 59.Kd4 Kf6 60.h6 Kg6 61.Ke5 Kxh6 62.Kd6 Ra7 63.Kxc6 Kg6
64.Kb6  1-0

[Event "Budapest FS08 IM-A"]
[Site "Budapest"]
[Date "1998.08.05"]
[Round "5"]
[White "Suvrajit, Saha"]
[Black "Baches Garcia, Guillermo"]
[Result "1-0"]
[WhiteElo "2375"]
[BlackElo "2300"]

1.d4 Nf6 2.c4 g6 3.Nc3 Bg7 4.e4 d6 5.Nf3 O-O 6.Be2 e5 7.O-O Nc6 8.d5 Ne7
9.Ne1 Nd7 10.Be3 f5 11.f3 f4 12.Bf2 h5 13.a4 g5 14.a5 Nf6 15.c5 g4 16.cxd6 cxd6
17.Bh4 g3 18.hxg3 fxg3 19.f4 Ng6 20.Bg5 Nxf4 21.Nd3 Qe7 22.Nxf4 exf4 23.Qd2 Qe8
24.Qxf4 Qg6 25.Qxg3 Bg4 26.Bf4 h4 27.Qxh4 Bxe2 28.Nxe2 Qxe4 29.Nc3 Qd4+ 30.Kh1 Kf7
31.Rad1 Rh8 32.Rxd4 Rxh4+ 33.Kg1 Kg6 34.Be5 Rh5 35.Bxf6 Bxf6 36.Rg4+ Bg5
37.Ne4 Rah8 38.Rf6+ Kg7 39.Rf5  1-0

[Event "MK Cafe Cup-A"]
[Site "Koszalin"]
[Date "1998.08.05"]
[Round "3"]
[White "Zielinska, Marta"]
[Black "Socko, Bartosz"]
[Result "1-0"]
[WhiteElo "2365"]
[BlackElo "2475"]

1.d4 Nf6 2.c4 g6 3.Nc3 Bg7 4.Nf3 O-O 5.e4 d6 6.Be2 e5 7.O-O Nc6 8.d5 Ne7
9.Ne1 Nd7 10.f3 f5 11.Be3 f4 12.Bf2 h5 13.Rc1 g5 14.c5 Nxc5 15.b4 Na6 16.Nb5 b6
17.Qa4 g4 18.Kh1 Ng6 19.Nxd6 cxd6 20.Bxa6 Bxa6 21.Qxa6 Bf6 22.a4 g3 23.Bg1 gxh2
24.Bf2 Bh4 25.a5 Rc8 26.Rc6 Bxf2 27.Rxf2 Ne7 28.Rxc8 Qxc8 29.Qxc8 Rxc8 30.Rc2 bxa5
31.Rxc8+ Nxc8 32.bxa5 Kf7 33.Nd3 Ke8 34.Nb4 Kd7 35.Kxh2 Ne7 36.Kh3 Ng6 37.Nc6 Kc7
38.Nxa7 Kb7 39.Nb5 Ka6 40.Nxd6 Kxa5 41.Ne8 Kb6 42.Ng7 h4 43.Nf5  1-0

[Event "Hans & Lenze"]
[Site "Lippstadt"]
[Date "1998.08.05"]
[Round "7"]
[White "Matthias, Heiner"]
[Black "Kindermann, Stefan"]
[Result "0-1"]
[WhiteElo "2355"]
[BlackElo "2565"]

1.d4 Nf6 2.c4 g6 3.Nc3 Bg7 4.e4 d6 5.Nf3 O-O 6.Be2 e5 7.O-O Nc6 8.d5 Ne7
9.Nd2 a5 10.Rb1 Bd7 11.a3 a4 12.b4 axb3 13.Nxb3 b6 14.Bb2 Ne8 15.f4 exf4
16.Rxf4 f5 17.Nd4 Nf6 18.exf5 Nxf5 19.Nxf5 Bxf5 20.Bd3 Qe7 21.Bxf5 Qe3+ 22.Rf2 gxf5
23.Qf3 Qc5 24.Kh1 Ng4 25.Re2 Ne5 26.Qg3 Qxc4 27.Rf1 Qg4 28.Bc1 Ng6 29.Rc2 Ra5
30.Ne2 Qe4 31.Qb3 Rf7 32.Nc3 Qd3 33.Rd1 Re7 34.Bd2 Rc5 35.Rcc1 Re2 36.Be1 Qe3
37.Qb4 Rxg2 38.Kxg2 Nf4+  0-1

[Event "BCF-ch"]
[Site "Torquay"]
[Date "1998.08.05"]
[Round "9"]
[White "Beaumont, Chris"]
[Black "Jackson, Adrian"]
[Result "1-0"]
[WhiteElo "2335"]
[BlackElo "2230"]

1.d4 Nf6 2.c4 g6 3.Nc3 Bg7 4.e4 d6 5.Be2 O-O 6.Nf3 e5 7.O-O Nc6 8.d5 Ne7
9.Nd2 Nd7 10.b4 f5 11.c5 Nf6 12.f3 f4 13.Nc4 g5 14.a4 Ng6 15.Ba3 Rf7 16.b5 Bf8
17.b6 dxc5 18.bxc7 Rxc7 19.Nb5 Rg7 20.Bb2 a6 21.Nc3 h5 22.Qb3 g4 23.Qb6 Qxb6
24.Nxb6 Rb8 25.a5 Nh4 26.Nxc8 Rxc8 27.Kh1 gxf3 28.gxf3 Bd6 29.Rg1 Rc7 30.Na4 Rxg1+
31.Rxg1+ Rg7 32.Nb6 Rxg1+ 33.Kxg1 Kf7 34.Nc4 Ke7 35.Nxe5 Bc7 36.Nc4 Kf7 37.Kf2 Ng6
38.Bf1 Nd7 39.d6 Bd8 40.Bh3 Ngf8 41.Bc1 Bg5 42.Ke2 Ne6 43.Kd3 Ndf8 44.Ne5+ Ke8
45.Kc4 Bd8 46.Bd2 b5+ 47.axb6 Bxb6 48.Kd5  1-0

[Event "MK Cafe Cup-A"]
[Site "Koszalin"]
[Date "1998.08.07"]
[Round "5"]
[White "Nikcevic, Nebojsa"]
[Black "Brustman, Agnieszka"]
[Result "1-0"]
[WhiteElo "2480"]
[BlackElo "2380"]

1.d4 Nf6 2.c4 g6 3.Nc3 Bg7 4.e4 d6 5.Nf3 O-O 6.Be2 e5 7.O-O Nc6 8.d5 Ne7
9.Bg5 Nh5 10.g3 h6 11.Bd2 Bh3 12.Re1 f5 13.exf5 Nxf5 14.Ne4 Qd7 15.Bc3 Nf6
16.Nfd2 Nxe4 17.Nxe4 Ne7 18.f3 Bf5 19.Bd3 Kh7 20.Rc1 Ng8 21.g4 Bxe4 22.Bxe4 Bf6
23.Rc2 Bh4 24.Rf1 Nf6 25.Bd3 Rf7 26.Rg2 Raf8 27.f4 exf4 28.Rxf4 Bg5 29.Rf3 Qe8
30.Re2 Re7 31.Rxe7+ Qxe7 32.Qc2 Qe8 33.Qf2 Nd7 34.Bxg6+ Qxg6 35.Rxf8 Nxf8
36.Qxf8 Be3+ 37.Kf1 Qd3+ 38.Kg2 Qe4+ 39.Kh3 Bd4 40.Qf7+ Kh8 41.Qf8+ Kh7 42.Qf5+ Qxf5
43.gxf5 Be3 44.Kg4 Kg8 45.Ba5 c6 46.dxc6 bxc6 47.Bc7 d5 48.cxd5 cxd5 49.b4 Kf7
50.b5 Bg1 51.a4 d4 52.Be5 d3 53.Kf3 h5 54.h3 Bb6 55.Bc3 Ke7 56.Ke4 Kd6 57.Bb4+ Kd7
58.Kxd3  1-0

[Event "North Bay op"]
[Site "North Bay"]
[Date "1998.08.08"]
[Round "8"]
[White "Dougherty, Michael"]
[Black "Puri, Vinny"]
[Result "1-0"]
[WhiteElo "2295"]
[BlackElo "2260"]

1.d4 Nf6 2.Nf3 g6 3.c4 Bg7 4.Nc3 O-O 5.e4 d6 6.Be2 e5 7.O-O Nc6 8.d5 Ne7
9.b4 Nh5 10.Re1 f5 11.Nd2 Nf6 12.c5 f4 13.Nc4 g5 14.f3 h5 15.Bb2 Ne8 16.Qb3 Ng6
17.h3 g4 18.hxg4 Qh4 19.gxh5 Qxh5 20.Bf1 Bf6 21.Kf2 Bh4+ 22.Ke2 Bxe1 23.Rxe1 Qh2
24.Kd1 Nh4 25.Qc2 Rf6 26.Qf2 Rg6 27.Re2 Bd7 28.Rd2 Ng7 29.Kc2 Nh5 30.g4 fxg3
31.Qxh2 gxh2 32.Rxh2 Ng3 33.Rxh4 Nxf1 34.f4 Rg2+ 35.Kb3 exf4 36.e5 Rg4 37.Rh6 f3
38.e6 f2 39.Ne4 Rxe4 40.Rh8+  1-0

[Event "North Bay op"]
[Site "North Bay"]
[Date "1998.08.08"]
[Round "8"]
[White "Yermolinsky, Alex"]
[Black "Fedorowicz, John P"]
[Result "1/2-1/2"]
[WhiteElo "2625"]
[BlackElo "2540"]

1.d4 Nf6 2.Nf3 g6 3.c4 Bg7 4.Nc3 O-O 5.e4 d6 6.Be2 e5 7.O-O Nc6 8.d5 Ne7
9.Ne1 Nd7 10.Be3 f5 11.f3 f4 12.Bf2 g5 13.Rc1 Ng6 14.c5 Nxc5 15.b4 Na6 16.Nb5 Bd7
17.Nxa7 h5 18.a4 Rf7 19.Nb5 Bf8 20.Nc3 Rg7 21.Nd3 Kh8 22.Kh1 Qf6 23.a5 Be7
24.b5 Nb8 25.Ra1 Rg8 26.Nb4 Nh4 27.Bxh4 gxh4 28.Rg1 Bc8 29.a6 Nd7 30.Na4 Nc5
31.Nxc5 dxc5 32.d6 Bxd6 33.Nd5 Qd8 34.Bc4 Rf8 35.Qe2 c6 36.bxc6 bxc6 37.Nc3 Bb8
38.Rgd1 Qf6 39.Ra2 Ra7 40.Rb2 Bc7 41.Na4 h3 42.Nxc5 Ba5 43.Nb7 Bc3 44.Rbb1 Bd4
45.Rxd4 exd4 46.e5 Qg6 47.Rg1  1/2-1/2

[Event "Hampstead IM3"]
[Site "Hampstead"]
[Date "1998.08.11"]
[Round "2"]
[White "Naylor, John"]
[Black "Whiteley, Andrew J"]
[Result "1-0"]
[WhiteElo "2240"]
[BlackElo "2240"]

1.d4 Nf6 2.Nf3 g6 3.c4 Bg7 4.Nc3 O-O 5.e4 d6 6.Be2 e5 7.O-O Nc6 8.d5 Ne7
9.b4 c5 10.bxc5 dxc5 11.Ne1 Ne8 12.Nd3 b6 13.f4 exf4 14.e5 g5 15.h4 Ng6 16.hxg5 Qxg5
17.Ne4 Qe7 18.d6 Qe6 19.Bb2 Ba6 20.Rc1 Bh6 21.Bg4 f5 22.Nexc5 Qc8 23.d7 Qd8
24.dxe8=Q Rxe8 25.Nxa6 fxg4 26.Qb3 g3 27.c5+ Kf8 28.Nxf4 Nxf4 29.Qxg3 Qd2
30.Rxf4+ Bxf4 31.Rf1 Qxb2 32.Qxf4+ Kg8 33.Qf7+ Kh8 34.Qf6+ Kg8 35.Qf7+ Kh8
36.Qf6+ Kg8 37.Rf5 Qc1+ 38.Kh2 Re7 39.Qxe7 Qh6+ 40.Kg1 Qc1+ 41.Kh2 Qh6+ 42.Kg3  1-0